00394 2200157 4500001002100000005001500021035002000036245004200056100001300098300002500111260004400136082000800180084001400188020002200202990001200224INLIS00000000000255720250605104358 a0010-06250001431 aEksplorasi Esai /cDr. Yustinah, M.Pd0 aYustinah a90 hlm ;c15 x 23 cm aJakarta :bEsensi Erlangga Group,c2024 a814 a814 YUS e a978-623-7478-81-2 a0754883